000 00785nam a2200217Ia 4500
999 _c31377
_d31377
003 GCL
005 20240530102320.0
008 140319s9999 xx 000 0 ara d
040 _aGCL /
_cGCL
082 0 4 _a415.0 /
_bب ك
100 1 _aالبطلبوسى، ابو محمدعبدالله بن محمد بن السيد الاندلسى
245 1 0 _aكتاب الحلل فى شرح ابيات الجمل /
_cابو محمدعبدالله بن محمد بن السيد الاندلسى البطليوسى
260 _a[S.N] :
_bمكتبة المتنبى ،
_c1979
300 _a455 ص
650 0 4 _aالشعر العربى
650 0 4 _aالنحو
650 0 4 _aاللغة العربية
650 0 4 _aالمجموعات
700 1 _aمصطفى امام
942 _2ddc
_cBK